| 000 | 00622nam a2200241 a 4500 | ||
|---|---|---|---|
| 005 | 20260322212052.0 | ||
| 008 | data | ||
| 010 | _a 93243310 | ||
| 020 |
_a0822053055 : _c{dollar}6.95 |
||
| 020 |
_a9780822053057 : _c{dollar}6.95 |
||
| 040 |
_aDLC _cDLC |
||
| 050 | 0 | 0 |
_aQH308.2 _b.K64 1993 |
| 082 | 0 | 0 |
_a574 _220 |
| 092 | _a574.20 K64 1993 | ||
| 100 | 1 | _aKnowlton, David N. | |
| 245 | 1 | 0 |
_aBiology / _cDavid N. Knowlton. |
| 250 | _a1st ed. | ||
| 260 |
_aLincoln, Neb. : _bCliffs Notes, Inc., _cc1993. |
||
| 300 |
_aix, 179 p. : _bill. ; _c21 cm. |
||
| 440 | 0 | _aCliffs quick review | |
| 650 | 0 | _aBiology. | |
| 001 | data | ||
| 999 |
_c1225 _d1225 |
||